书目信息 |
| 题名: |
香港产业结构研究
|
|
| 作者: | 冯邦彦 著 | |
| 分册: | ||
| 出版信息: | 北京 经济管理出版社 2002 |
|
| 页数: | 403页 | |
| 开本: | 20cm | |
| 丛书名: | ||
| 单 册: | ||
| 中图分类: | F127.658 | |
| 科图分类: | ||
| 主题词: | 产业结构--研究--香港 | |
| 电子资源: | ||
| ISBN: | 7-80162-468-8 | |
| 000 | 00562nam0 2200193 45 | |
| 001 | 0401271398 | |
| 005 | 20040127134318.8 | |
| 010 | @a7-80162-468-8@dCNY26.00 | |
| 100 | @a20040127d2002 km y0chiy0120 ea | |
| 101 | 0 | @achi |
| 105 | @a z 000yy | |
| 200 | 1 | @a香港产业结构研究@AXiang Gang Chan Ye Jie Gou Yan Jiu@f冯邦彦著@FFeng Bang Yan Zhu |
| 210 | @a北京@c经济管理出版社@d2002 | |
| 215 | @a403页@d20cm | |
| 606 | 0 | @a产业结构@x研究@y香港 |
| 690 | @aF127.658@v4 | |
| 701 | 0 | @a冯邦彦@4著 |
| 801 | @aCN@bTSTCL@c20040127 | |
| 905 | @b332666-668@dF127.658@e51@f3 | |
| 香港产业结构研究/冯邦彦著.-北京:经济管理出版社,2002 |
| 403页;20cm |
| ISBN 7-80162-468-8:CNY26.00 |
| ● |
| 相关链接 |
|
|
|
|
正题名:香港产业结构研究
索取号:F127.658/51
 
预约/预借
| 序号 | 登录号 | 条形码 | 馆藏地/架位号 | 状态 | 备注 |
| 1 | 0332666 | 203326668 | 第一借阅区/ [索取号:F127.658/51] | 在馆 | |
| 2 | 0332667 | 203326677 | 第一借阅区/ [索取号:F127.658/51] | 在馆 | |
| 3 | 0332668 | 203326686 | 第一样本阅览室/ [索取号:F127.658/51] | 在馆 |